Library Banner

Islamic paradigms for the relationship between science and religion (Record no. 20827)

MARC details
000 -LEADER
fixed length control field 00388nam a2200157Ia 4500
001 - CONTROL NUMBER
control field 20488
008 - FIXED-LENGTH DATA ELEMENTS--GENERAL INFORMATION
fixed length control field 140408s9999 xx 000 0 und d
040 ## - CATALOGING SOURCE
Transcribing agency PK-LaUMT
082 ## - DEWEY DECIMAL CLASSIFICATION NUMBER
Classification number 291.175
Item number AHM-I
100 ## - MAIN ENTRY--PERSONAL NAME
Personal name Ahmad Balall
245 ## - TITLE STATEMENT
Title Islamic paradigms for the relationship between science and religion
Statement of responsibility, etc Ahmad Balall
260 ## - PUBLICATION, DISTRIBUTION, ETC. (IMPRINT)
Date of publication, distribution, etc NA
300 ## - PHYSICAL DESCRIPTION
Extent 12p.
546 ## - LANGUAGE NOTE
Language note EN
942 ## - ADDED ENTRY ELEMENTS (KOHA)
Koha item type Books
Holdings
Withdrawn status Lost status Damaged status Not for loan Home library Current library Date acquired Total Checkouts Full call number Barcode Date last seen Price effective from Koha item type
        UMT Main Campus UMT Main Campus 2014-04-08   291.175 AHM-I 23462 2014-04-23 2014-04-23 Books